000 00870nam a22002657a 4500
003 CBULib
005 20240918140628.0
008 230719b |||||||| |||| 00| 0 eng d
020 _a 9781498728850
040 _aLibrary of Congress
_bEnglish
_cCBULib
_dCBULib
_erda
041 _aeng
050 _aQA 276 Men
100 1 _aMendenhall, William M.
_9123
245 _aStatistics for engineering and the sciences
_c/ by William M. Mendenhall
250 _aSixth edittion
260 _bCRC Press,
_c2015
_aLondon :
300 _axv,1166 pages : illustrations
336 _2rdacontent
_aText|
_btxt
337 _2rdamedia
_aunmediated|
_bu
338 _2rdacarrier
_avolume
650 0 _2Library of Congress
_9127
_aMATHEMATICS--DATA PROCESSING
650 0 _2Library of Congress
_9124
_aMATHEMATICAL STATISTICS
700 1 _9128
_aSincich, Terry L.
942 _2lcc
_c002
999 _c78844
_d78844